00419nam a2200157Ia 4500003000900000008004100009040001600050080001600066100001800082245004600100250001200146260003500158300001400193650003100207650002300238IN-BaIIA211028s9999 xx 000 0 eng d cIIA Library a658.31bMUT aMuthuswamy, P 0aReady recokoner pay tablescP. Muthuswamy a4th ed. aMadrasbSwamy Publishersc1974 axv, 144p. a Central Government Rules aOthers Thesaurus